[Event "Miedzybrodzie op"]
[Site "Miedzybrodzie"]
[Date "1991.??.??"]
[Round "2"]
[White "Kupreichik, Viktor D"]
[Black "Sagalchik, Gennadij"]
[Result "1-0"]
[WhiteElo "2460"]
[BlackElo "2370"]
[PlyCount "61"]
[EventDate "1991.??.??"]
[EventType "swiss"]
[EventRounds "11"]
[EventCountry "POL"]
[SourceTitle "TD"]
[Source "ChessBase"]
[SourceDate "1994.03.01"]
[SourceVersion "1"]
[SourceVersionDate "1994.03.01"]
[SourceQuality "1"]

1. e4 e5 2. Nf3 Nc6 3. Bb5 a6 4. Ba4 Nf6 5. O-O Nxe4 6. d4 b5 7. Bb3 d5 8. dxe5
Be6 9. Re1 Be7 10. Nbd2 Nc5 11. c3 Bg4 12. Nf1 Nxb3 13. axb3 O-O 14. Ng3 f6 15.
e6 Ne5 16. h3 Bxe6 17. Nxe5 fxe5 18. Rxe5 Bf7 19. Qg4 Bf6 20. Bg5 b4 21. Rae1
bxc3 22. bxc3 Rb8 23. b4 Rb6 24. Bxf6 Qxf6 25. Nf5 Rbb8 26. R1e3 Kh8 27. Ne7 g6
28. Qd4 a5 29. Nc6 Rb5 30. Rf3 Qg7 31. Rxf7 1-0

[Event "Miedzybrodzie op"]
[Site "Miedzybrodzie"]
[Date "1991.??.??"]
[Round "7"]
[White "Kupreichik, Viktor D"]
[Black "Pedzich, Dominik"]
[Result "1-0"]
[WhiteElo "2460"]
[BlackElo "2400"]
[PlyCount "57"]
[EventDate "1991.??.??"]
[EventType "swiss"]
[EventRounds "11"]
[EventCountry "POL"]
[SourceTitle "TD"]
[Source "ChessBase"]
[SourceDate "1994.03.01"]
[SourceVersion "1"]
[SourceVersionDate "1994.03.01"]
[SourceQuality "1"]

1. c4 Nf6 2. Nc3 g6 3. g3 Bg7 4. Bg2 O-O 5. Nf3 c6 6. e4 d6 7. O-O e5 8. d4
Nbd7 9. Rb1 a5 10. Re1 Re8 11. h3 Qc7 12. a3 exd4 13. Nxd4 Nc5 14. Bf4 Nfd7 15.
b4 axb4 16. axb4 Ne6 17. Nxe6 Rxe6 18. Na4 c5 19. bxc5 Nxc5 20. Nb6 Ra3 21. h4
Nd3 22. Re3 Bd4 23. Rxd3 Rxd3 24. Qxd3 Bxb6 25. Bh3 Bc5 26. Bxe6 Bxe6 27. Qc3
b5 28. Bh6 f6 29. Qxf6 1-0

[Event "Miedzybrodzie op"]
[Site "Miedzybrodzie"]
[Date "1991.??.??"]
[Round "11"]
[White "Pisulinski, Jan"]
[Black "Kupreichik, Viktor D"]
[Result "0-1"]
[WhiteElo "2385"]
[BlackElo "2460"]
[PlyCount "54"]
[EventDate "1991.??.??"]
[EventType "swiss"]
[EventRounds "11"]
[EventCountry "POL"]
[SourceTitle "TD"]
[Source "ChessBase"]
[SourceDate "1994.03.01"]
[SourceVersion "1"]
[SourceVersionDate "1994.03.01"]
[SourceQuality "1"]

1. d4 Nf6 2. c4 g6 3. Nc3 Bg7 4. e4 d6 5. Be2 O-O 6. Bg5 Nbd7 7. Qd2 c6 8. f3
a6 9. Nh3 b5 10. O-O bxc4 11. Bxc4 Nb6 12. Be2 Bxh3 13. gxh3 Qd7 14. h4 Qe6 15.
Rac1 d5 16. Qe3 Nh5 17. Rfd1 f6 18. Bh6 Bxh6 19. Qxh6 Qh3 20. Nb1 Rac8 21. Nd2
Qxh4 22. Bxa6 Ra8 23. Bb7 Rxa2 24. Bxc6 f5 25. Rf1 Rxb2 26. Rb1 Rxb1 27. Rxb1
Qf6 0-1

[Event "Warsaw Legion op"]
[Site "Warsaw"]
[Date "1991.??.??"]
[Round "2"]
[White "Kostyra, Stanislaw"]
[Black "Kupreichik, Viktor D"]
[Result "0-1"]
[WhiteElo "2315"]
[BlackElo "2460"]
[PlyCount "79"]
[EventDate "1991.??.??"]
[EventType "swiss"]
[EventRounds "11"]
[EventCountry "POL"]
[SourceTitle "EXT 1997"]
[Source "ChessBase"]
[SourceDate "1996.11.15"]
[SourceVersion "1"]
[SourceVersionDate "1996.11.15"]
[SourceQuality "1"]

1. c4 g6 2. Nc3 Bg7 3. g3 d6 4. Bg2 e5 5. d3 f5 6. e4 Nh6 7. Bxh6 Bxh6 8. exf5
Nc6 9. fxg6 hxg6 10. Nge2 Bf5 11. Nd5 Bg7 12. Qb3 Rb8 13. Be4 Qd7 14. f3 Nd8
15. Qa3 a6 16. h4 Ne6 17. g4 Bxe4 18. dxe4 Qd8 19. h5 gxh5 20. gxh5 Qg5 21. Kf2
Rxh5 22. Rag1 Rxh1 23. Rxg5 Nxg5 24. Qe3 Ne6 25. Qa7 Rd8 26. Qxb7 Kf7 27. Ne3
Bf6 28. Ng4 Bh4+ 29. Ke3 Rd1 30. b4 a5 31. a3 Ra1 32. Nc3 Rxa3 33. Kd2 Bg5+ 34.
Kc2 axb4 35. Qxb4 Nd4+ 36. Kb2 Rb3+ 37. Qxb3 Bc1+ 38. Kxc1 Nxb3+ 39. Kd1 Nd4
40. Kd2 0-1

[Event "Warsaw Legion op"]
[Site "Warsaw"]
[Date "1991.??.??"]
[Round "10"]
[White "Nikolaev, Sergej"]
[Black "Kupreichik, Viktor D"]
[Result "0-1"]
[WhiteElo "2450"]
[BlackElo "2460"]
[PlyCount "72"]
[EventDate "1991.??.??"]
[EventType "swiss"]
[EventRounds "11"]
[EventCountry "POL"]
[SourceTitle "EXT 1997"]
[Source "ChessBase"]
[SourceDate "1996.11.15"]
[SourceVersion "1"]
[SourceVersionDate "1996.11.15"]
[SourceQuality "1"]

1. d4 Nf6 2. c4 g6 3. Nc3 Bg7 4. e4 d6 5. f3 e5 6. Be3 O-O 7. Nge2 c6 8. d5
cxd5 9. cxd5 Ne8 10. g4 Bh6 11. Bxh6 Qh4+ 12. Ng3 Qxh6 13. Qd2 Qh4 14. O-O-O a6
15. Bd3 b5 16. Kb1 Nd7 17. Rc1 Nc5 18. Bc2 Bd7 19. b4 Nb7 20. a3 a5 21. Rhg1
axb4 22. axb4 Nc7 23. Kb2 Rfc8 24. Bd3 Na6 25. Na2 Rxc1 26. Rxc1 Qd8 27. Rc6
Bxc6 28. dxc6 Nbc5 29. bxc5 dxc5 30. Qc3 Nb4 31. Bb1 Nxc6 32. Qxc5 Na5 33. Qd5
Nc4+ 34. Ka1 Qa5 35. Ne2 Rd8 36. Qc5 Qd2 0-1

[Event "Dortmund op"]
[Site "Dortmund"]
[Date "1991.??.??"]
[Round "5"]
[White "Gdanski, Jacek"]
[Black "Kupreichik, Viktor D"]
[Result "0-1"]
[WhiteElo "2420"]
[BlackElo "2460"]
[PlyCount "80"]
[EventDate "1991.03.23"]
[EventType "swiss"]
[EventRounds "9"]
[EventCountry "GER"]
[SourceTitle "TD"]
[Source "ChessBase"]
[SourceDate "1994.03.01"]
[SourceVersion "1"]
[SourceVersionDate "1994.03.01"]
[SourceQuality "1"]

1. e4 e5 2. Nf3 Nc6 3. Bb5 a6 4. Bxc6 dxc6 5. O-O Qd6 6. d3 Be7 7. Be3 Be6 8.
Nbd2 c5 9. Qe2 Nf6 10. Ng5 O-O 11. Nxe6 Qxe6 12. f4 exf4 13. Bxf4 Nd5 14. Bg3
Rad8 15. a3 Rd7 16. Nc4 Bf6 17. c3 b5 18. Ne3 Nxe3 19. Qxe3 Rfd8 20. Qxc5 Rxd3
21. Qxc7 Rd2 22. Rf2 Qxe4 23. Qf4 Qc2 24. Re1 h6 25. Re8+ Rxe8 26. Qxd2 Qe4 27.
h3 Bg5 28. Bf4 Bh4 29. Rf3 Rd8 30. Qe3 Rd1+ 31. Rf1 Qc2 32. Bxh6 gxh6 33. Qxh6
Rd2 34. Qc6 Bf2+ 35. Rxf2 Rxf2 36. Qe8+ Kg7 37. Qe5+ Rf6 38. Qg5+ Rg6 39. Qe5+
Kh7 40. Qh5+ Kg8 0-1

[Event "Dortmund op"]
[Site "Dortmund"]
[Date "1991.??.??"]
[Round "6"]
[White "Kupreichik, Viktor D"]
[Black "Sher, Miron Naumovich"]
[Result "1-0"]
[WhiteElo "2460"]
[BlackElo "2450"]
[PlyCount "115"]
[EventDate "1991.03.23"]
[EventType "swiss"]
[EventRounds "9"]
[EventCountry "GER"]
[SourceTitle "TD"]
[Source "ChessBase"]
[SourceDate "1994.03.01"]
[SourceVersion "1"]
[SourceVersionDate "1994.03.01"]
[SourceQuality "1"]

1. e4 c5 2. Nf3 d6 3. Nc3 Nc6 4. d4 cxd4 5. Nxd4 Nf6 6. f4 Qb6 7. Nb3 g6 8. a4
Be6 9. a5 Qc7 10. Nd5 Bxd5 11. exd5 Nb8 12. Bb5+ Nbd7 13. a6 bxa6 14. Rxa6 Rb8
15. c4 Rb6 16. Ra3 Bg7 17. Be3 O-O 18. Bxb6 Qxb6 19. Qd4 Nc5 20. Nxc5 dxc5 21.
Qd3 Nh5 22. Qd2 Bd4 23. Ra6 Qb8 24. g3 Ng7 25. Kd1 e6 26. d6 Rd8 27. Kc2 Rxd6
28. Rxd6 Qxd6 29. Ra1 Nf5 30. Rxa7 e5 31. fxe5 Qxe5 32. Kb1 Qe4+ 33. Ka2 Kg7
34. Ba4 Qe5 35. Qg2 Nd6 36. Bb3 Qe1 37. Ra6 Nf5 38. Ra7 Nd6 39. g4 Ne4 40. Qf3
Ng5 41. Qg2 Ne4 42. Bc2 Nd6 43. Bd3 Qe3 44. Qe2 Qf4 45. h3 Be5 46. Rd7 Qf6 47.
Qg2 Bd4 48. Qc6 Qf2 49. Qb6 Ne8 50. g5 Qf3 51. Rxd4 cxd4 52. Qxd4+ Kf8 53. h4
f5 54. c5 Ke7 55. Bb5 Qa8+ 56. Kb3 Qb8 57. Qe3+ Kf7 58. Qxe8+ 1-0

[Event "Dortmund op"]
[Site "Dortmund"]
[Date "1991.??.??"]
[Round "8"]
[White "Kupreichik, Viktor D"]
[Black "Karolyi, Tibor Jr"]
[Result "1-0"]
[WhiteElo "2460"]
[BlackElo "2390"]
[PlyCount "37"]
[EventDate "1991.03.23"]
[EventType "swiss"]
[EventRounds "9"]
[EventCountry "GER"]
[SourceTitle "TD"]
[Source "ChessBase"]
[SourceDate "1994.03.01"]
[SourceVersion "1"]
[SourceVersionDate "1994.03.01"]
[SourceQuality "1"]

1. e4 Nf6 2. e5 Nd5 3. d4 d6 4. f4 dxe5 5. fxe5 c5 6. Nf3 Bf5 7. Bb5+ Nc6 8. c4
Nc7 9. Bxc6+ bxc6 10. Nc3 e6 11. Qa4 Qd7 12. Be3 cxd4 13. Nxd4 c5 14. Ndb5 Nxb5
15. Nxb5 O-O-O 16. O-O Be7 17. b4 cxb4 18. c5 Bc2 19. Qa6+ 1-0

[Event "Berliner Sommer 09th"]
[Site "Berlin"]
[Date "1991.??.??"]
[Round "?"]
[White "Cladouras, Panagiotis"]
[Black "Kupreichik, Viktor D"]
[Result "0-1"]
[WhiteElo "2370"]
[BlackElo "2490"]
[PlyCount "60"]
[EventDate "1991.07.27"]
[EventType "swiss"]
[EventRounds "9"]
[EventCountry "GER"]
[SourceTitle "TD"]
[Source "ChessBase"]
[SourceDate "1994.03.01"]
[SourceVersion "1"]
[SourceVersionDate "1994.03.01"]
[SourceQuality "1"]

1. e4 c5 2. Nf3 d6 3. d4 cxd4 4. Nxd4 Nf6 5. Nc3 a6 6. f4 Nbd7 7. a4 g6 8. Be2
Bg7 9. O-O O-O 10. Kh1 Re8 11. Nb3 b6 12. Bf3 Bb7 13. Nd5 e5 14. Nc3 exf4 15.
Bxf4 Ne5 16. Bg5 Qc7 17. Bxf6 Bxf6 18. Be2 Bg7 19. Nd2 Rac8 20. Ra3 Qd8 21. Rb3
Rc5 22. Nf3 Ng4 23. Qd3 Bxc3 24. Rxc3 Rxe4 25. Rxc5 bxc5 26. h3 Qe7 27. hxg4
Re3 28. Qd2 Rxe2 29. Qf4 Rxc2 30. g5 Qe2 0-1

[Event "Oberliga NRW 9192 I"]
[Site "Germany"]
[Date "1992.??.??"]
[Round "?.1"]
[White "Kupreichik, Viktor D"]
[Black "Wehmeier, Stefan"]
[Result "1-0"]
[WhiteElo "2545"]
[BlackElo "2315"]
[PlyCount "65"]
[EventDate "1991.10.??"]
[EventType "team"]
[EventRounds "11"]
[EventCountry "GER"]
[SourceTitle "TD"]
[Source "ChessBase"]
[SourceDate "1994.03.01"]
[SourceVersion "1"]
[SourceVersionDate "1994.03.01"]
[SourceQuality "1"]
[WhiteTeam "Plettenberg"]
[BlackTeam "Blomberg"]
[WhiteTeamCountry "GER"]
[BlackTeamCountry "GER"]

1. e4 e5 2. Nf3 Nf6 3. Nxe5 d6 4. Nf3 Nxe4 5. c4 Be7 6. d4 O-O 7. Bd3 Ng5 8.
Nfd2 Nc6 9. Nb3 d5 10. O-O Nb4 11. cxd5 Nxd3 12. Qxd3 Qxd5 13. Nc3 Qd8 14. d5
h6 15. Bf4 Bd6 16. Qg3 Bf5 17. Rfe1 Qd7 18. Nd4 Bg6 19. Bxd6 cxd6 20. h4 Nh7
21. Ne6 Rfe8 22. h5 fxe6 23. hxg6 Nf8 24. Rad1 e5 25. Rd3 Qf5 26. Rf3 Qh5 27.
Ne4 Nxg6 28. Rf6 Nf4 29. Rxd6 Ne2+ 30. Rxe2 Qxe2 31. Nf6+ Kf8 32. Rd7 Qe1+ 33.
Kh2 1-0

[Event "Oberliga NRW 9192 I"]
[Site "Germany"]
[Date "1991.??.??"]
[Round "?.1"]
[White "Nun, Jiri"]
[Black "Kupreichik, Viktor D"]
[Result "0-1"]
[WhiteElo "2435"]
[BlackElo "2545"]
[PlyCount "118"]
[EventDate "1991.10.??"]
[EventType "team"]
[EventRounds "11"]
[EventCountry "GER"]
[SourceTitle "TD"]
[Source "ChessBase"]
[SourceDate "1994.03.01"]
[SourceVersion "1"]
[SourceVersionDate "1994.03.01"]
[SourceQuality "1"]
[WhiteTeam "Wuppertal"]
[BlackTeam "Plettenberg"]
[WhiteTeamCountry "GER"]
[BlackTeamCountry "GER"]

1. e4 c5 2. c3 e6 3. d4 d5 4. e5 Nc6 5. Nf3 Qb6 6. Bd3 Bd7 7. dxc5 Bxc5 8. O-O
a5 9. Qe2 Nge7 10. Bf4 Ng6 11. Bg3 O-O 12. h4 f6 13. Bxg6 hxg6 14. exf6 Rxf6
15. Nbd2 Qxb2 16. Rab1 Qxc3 17. Nb3 Ba3 18. Rfd1 Raf8 19. Rd3 Qc4 20. Nxa5 Qa6
21. Nxb7 e5 22. Re3 Qxe2 23. Rxe2 e4 24. Ne5 Bf5 25. Nxc6 Rxc6 26. Rb3 Bc1 27.
Be5 Bg4 28. Re1 Rc2 29. Bd4 Bd2 30. Ra1 Rc4 31. Bb6 Bf4 32. g3 Be5 33. Rab1 d4
34. Nc5 d3 35. Nxe4 Rxe4 36. Rxd3 Rb8 37. Kg2 Be6 38. Rd8+ Rxd8 39. Bxd8 Bxa2
40. Rd1 Bd4 41. Rd2 Bc4 42. f3 Re2+ 43. Rxe2 Bxe2 44. Bg5 Kf7 45. Bd2 Ke6 46.
g4 Bf6 47. Kg3 Kd5 48. Bc1 Bb5 49. Ba3 Be8 50. Bf8 Kc4 51. Bd6 Kd4 52. Bf8 Ke3
53. Bc5+ Ke2 54. Bd6 Bc3 55. Bf8 Bc6 56. h5 g5 57. f4 Be1+ 58. Kh3 gxf4 59.
Bxg7 Kf1 0-1

[Event "Muenster op"]
[Site "Muenster"]
[Date "1991.??.??"]
[Round "5"]
[White "Kupreichik, Viktor D"]
[Black "Zude, Arno"]
[Result "1-0"]
[WhiteElo "2460"]
[BlackElo "2385"]
[PlyCount "73"]
[EventDate "1991.10.19"]
[EventType "swiss"]
[EventRounds "9"]
[EventCountry "GER"]
[SourceTitle "EXT 1997"]
[Source "ChessBase"]
[SourceDate "1996.11.15"]
[SourceVersion "1"]
[SourceVersionDate "1996.11.15"]
[SourceQuality "1"]

1. e4 e5 2. Nf3 Nc6 3. Bb5 a6 4. Ba4 Nf6 5. O-O Be7 6. Re1 b5 7. Bb3 d6 8. a4
b4 9. d4 Bg4 10. dxe5 Nxe5 11. Nbd2 O-O 12. h3 Nxf3+ 13. Nxf3 Bh5 14. Bf4 Re8
15. a5 Qc8 16. Ba4 Rd8 17. Bc6 Rb8 18. Re3 Nd7 19. Qd5 Bxf3 20. Rxf3 Bf6 21.
Bg5 Rf8 22. Bxd7 Qxd7 23. Rxf6 Rb5 24. Qd2 h6 25. Bxh6 gxf6 26. Qf4 Qe7 27.
Qg4+ Rg5 28. Bxg5 fxg5 29. Rd1 Re8 30. Rd5 f6 31. f3 c6 32. Rf5 d5 33. e5 Qc5+
34. Kh2 Rxe5 35. Rxf6 Qe7 36. Rg6+ Kf8 37. Qh5 1-0

[Event "Muenster op"]
[Site "Muenster"]
[Date "1991.??.??"]
[Round "6"]
[White "Kaspi, Alexander"]
[Black "Kupreichik, Viktor D"]
[Result "0-1"]
[WhiteElo "2390"]
[BlackElo "2460"]
[PlyCount "112"]
[EventDate "1991.10.19"]
[EventType "swiss"]
[EventRounds "9"]
[EventCountry "GER"]
[SourceTitle "EXT 1997"]
[Source "ChessBase"]
[SourceDate "1996.11.15"]
[SourceVersion "1"]
[SourceVersionDate "1996.11.15"]
[SourceQuality "1"]

1. d4 Nf6 2. c4 g6 3. Nc3 Bg7 4. e4 d6 5. f3 e5 6. d5 Nh5 7. Be3 f5 8. Qd2 Qh4+
9. Bf2 Qe7 10. Nge2 O-O 11. O-O-O Nd7 12. Kb1 Nb6 13. Nc1 Bd7 14. b3 Kh8 15.
Nd3 c5 16. dxc6 Bxc6 17. c5 fxe4 18. fxe4 Nd7 19. b4 Nhf6 20. Bh4 Qe6 21. Nf2
a6 22. Qxd6 Qf7 23. Be2 g5 24. Bg3 Qg6 25. Qd3 h5 26. h3 a5 27. a3 axb4 28.
axb4 b6 29. Qd6 Rfc8 30. Kb2 bxc5 31. b5 Rab8 32. Kc2 Ba8 33. Qe6 Re8 34. Qa2
c4 35. Bxc4 Bxe4+ 36. Kb2 Ra8 37. Qb3 Nc5 38. Qb4 Bf8 39. Rhe1 Nd3+ 40. Nxd3
Bxb4 41. Nxb4 h4 42. Bh2 Rac8 43. Bb3 Rc5 44. Rd6 Bxg2 45. Nd3 Rxc3 46. Kxc3
Ne4+ 47. Rxe4 Qxe4 48. Rd5 Bxh3 49. Bxe5+ Kh7 50. Rc5 Rc8 51. Bc7 Bf5 52. Bc2
h3 53. b6 Kh6 54. Nb4 Qe3+ 55. Kc4 Bxc2 56. Nxc2 Qxc5+ 0-1

[Event "Muenster op"]
[Site "Muenster"]
[Date "1991.??.??"]
[Round "8"]
[White "Schneider, Bernd"]
[Black "Kupreichik, Viktor D"]
[Result "0-1"]
[WhiteElo "2335"]
[BlackElo "2460"]
[PlyCount "74"]
[EventDate "1991.10.19"]
[EventType "swiss"]
[EventRounds "9"]
[EventCountry "GER"]
[SourceTitle "EXT 1997"]
[Source "ChessBase"]
[SourceDate "1996.11.15"]
[SourceVersion "1"]
[SourceVersionDate "1996.11.15"]
[SourceQuality "1"]

1. d4 Nf6 2. g3 g6 3. Bg2 Bg7 4. e4 d6 5. Nc3 O-O 6. Nge2 e5 7. h3 c6 8. a4 Na6
9. Be3 exd4 10. Bxd4 Qe7 11. O-O Nc5 12. Re1 a5 13. g4 h5 14. g5 Ne8 15. f4 f6
16. h4 Bg4 17. Qd2 Nc7 18. Bf2 Rae8 19. Nd4 Qf7 20. Be3 Qc4 21. Ra3 f5 22. Nxc6
bxc6 23. Qxd6 N7e6 24. e5 Kh7 25. Qxc6 Qb4 26. Rf1 Rc8 27. Qd5 Qxb2 28. Nb5 Be2
29. Ra2 Qb4 30. c3 Qc4 31. Re1 Ne4 32. Bxe4 fxe4 33. Qd2 Bd3 34. Nd6 Qc6 35.
Nxc8 Qxc8 36. Rb2 Nxf4 37. Bxf4 Qg4+ 0-1

[Event "Norresundby op"]
[Site "Norresundby"]
[Date "1992.??.??"]
[Round "4"]
[White "Kupreichik, Viktor D"]
[Black "Berg, Klaus"]
[Result "1-0"]
[WhiteElo "2545"]
[BlackElo "2385"]
[PlyCount "95"]
[EventDate "1992.??.??"]
[EventType "swiss"]
[EventRounds "9"]
[EventCountry "DEN"]
[SourceTitle "EXT 2000"]
[Source "ChessBase"]
[SourceDate "1999.11.16"]
[SourceVersion "1"]
[SourceVersionDate "1999.11.16"]
[SourceQuality "1"]

1. e4 c6 2. Nc3 d5 3. d4 dxe4 4. Nxe4 Bf5 5. Ng3 Bg6 6. h4 h6 7. Nh3 e6 8. Nf4
Bh7 9. Be3 Nf6 10. Bd3 Bxd3 11. Qxd3 Nbd7 12. O-O-O Qa5 13. Kb1 Bd6 14. c4
O-O-O 15. d5 Qc7 16. Nge2 exd5 17. cxd5 c5 18. g3 Ng4 19. Qf5 Nxe3 20. fxe3
Rhf8 21. h5 Kb8 22. Nc3 Nf6 23. e4 Qd7 24. Qxd7 Rxd7 25. Nd3 c4 26. e5 Ng4 27.
exd6 cxd3 28. Rhe1 Rxd6 29. Re7 Nf6 30. Rxd3 Rfd8 31. Rxf7 Nxh5 32. g4 Nf6 33.
Rxg7 Nxd5 34. Ne4 Re6 35. Rxb7+ Kc8 36. Rxa7 Nb6 37. Rxd8+ Kxd8 38. Nc3 Nc4 39.
a4 Rb6 40. Nb5 Rg6 41. b3 Ne5 42. a5 Rxg4 43. a6 Rb4 44. Rb7 Nc6 45. Na7 Rxb7
46. Nxc6+ Kc7 47. axb7 Kxb7 48. Nd4 1-0

[Event "Norresundby op"]
[Site "Norresundby"]
[Date "1992.??.??"]
[Round "9"]
[White "Kupreichik, Viktor D"]
[Black "Videki, Sandor"]
[Result "1-0"]
[WhiteElo "2545"]
[BlackElo "2305"]
[PlyCount "60"]
[EventDate "1992.??.??"]
[EventType "swiss"]
[EventRounds "9"]
[EventCountry "DEN"]
[SourceTitle "EXT 2000"]
[Source "ChessBase"]
[SourceDate "1999.11.16"]
[SourceVersion "1"]
[SourceVersionDate "1999.11.16"]
[SourceQuality "1"]

1. e4 c5 2. Nf3 d6 3. d4 cxd4 4. Nxd4 Nf6 5. Nc3 Nc6 6. Bc4 Qb6 7. Nb3 e6 8. a4
Be7 9. O-O O-O 10. Bg5 Rd8 11. Nb5 Rd7 12. Bd3 Qd8 13. c4 b6 14. a5 d5 15. exd5
Nxd5 16. cxd5 Bxg5 17. Bxh7+ Kxh7 18. Qc2+ Kg8 19. dxc6 Rd5 20. Rfd1 bxa5 21.
Rxd5 exd5 22. Rxa5 Qe7 23. Ra1 Bf4 24. c7 Bd7 25. g3 Re8 26. Nxa7 Be5 27. c8=Q
Bxc8 28. Nxc8 Qb7 29. Na7 Bb8 30. Nc6 Bd6 1-0

[Event "YUG-chT"]
[Site "Cetinje"]
[Date "1992.??.??"]
[Round "?"]
[White "Djuric, Stefan"]
[Black "Kupreichik, Viktor D"]
[Result "0-1"]
[WhiteElo "2535"]
[BlackElo "2555"]
[PlyCount "90"]
[EventDate "1992.??.??"]
[EventType "team"]
[EventRounds "11"]
[EventCountry "YUG"]
[SourceTitle "EXT 1997"]
[Source "ChessBase"]
[SourceDate "1996.11.15"]
[SourceVersion "1"]
[SourceVersionDate "1996.11.15"]
[SourceQuality "1"]

1. Nf3 Nf6 2. c4 g6 3. g3 Bg7 4. Bg2 d6 5. Nc3 O-O 6. O-O e5 7. d4 Nc6 8. dxe5
dxe5 9. Nd5 Be6 10. Ng5 Bg4 11. h3 Bd7 12. Nxf6+ Bxf6 13. Ne4 Be7 14. Bh6 Re8
15. Nc3 Nd4 16. Nd5 Bf8 17. Bxf8 Rxf8 18. e3 Ne6 19. b4 a5 20. a3 f5 21. Qd2 e4
22. Rfd1 Ba4 23. Qb2 Bxd1 24. Rxd1 axb4 25. axb4 Rf7 26. Rd2 Qf8 27. c5 Qg7 28.
Qc2 Qe5 29. Nf4 Ra1+ 30. Kh2 Nxf4 31. gxf4 Qf6 32. Rd4 g5 33. Qb2 Rd1 34. Qa2
Rxd4 35. exd4 gxf4 36. Bf1 Kg7 37. Bc4 Rd7 38. d5 Qc3 39. Qe2 f3 40. Qf1 Kf6
41. Kh1 Rg7 42. c6 bxc6 43. dxc6 Rg2 44. Qd1 Kg6 45. Bf1 Rxf2 0-1

[Event "YUG-chT"]
[Site "Cetinje"]
[Date "1992.??.??"]
[Round "?"]
[White "Kupreichik, Viktor D"]
[Black "Martinovic, Slobodan"]
[Result "1-0"]
[WhiteElo "2555"]
[BlackElo "2465"]
[PlyCount "71"]
[EventDate "1992.??.??"]
[EventType "team"]
[EventRounds "11"]
[EventCountry "YUG"]
[SourceTitle "EXT 1997"]
[Source "ChessBase"]
[SourceDate "1996.11.15"]
[SourceVersion "1"]
[SourceVersionDate "1996.11.15"]
[SourceQuality "1"]

1. e4 c5 2. Nf3 e6 3. Nc3 a6 4. g3 d6 5. d4 cxd4 6. Nxd4 Nf6 7. Bg2 Qc7 8. O-O
Be7 9. a4 Nc6 10. Be3 O-O 11. Nxc6 bxc6 12. a5 Bb7 13. Bb6 Qc8 14. b4 e5 15. f4
exf4 16. Rxf4 d5 17. exd5 cxd5 18. Nxd5 Nxd5 19. Bxd5 Bxd5 20. Qxd5 Qxc2 21.
Rxf7 Rxf7 22. Qxa8+ Rf8 23. Qxa6 Bxb4 24. Bd4 Bc5 25. Qe6+ Kh8 26. Qe5 Bxd4+
27. Qxd4 h6 28. a6 Qe2 29. a7 Qf3 30. Qc5 Rd8 31. Rf1 Qa8 32. Rb1 Kh7 33. Qc2+
Kh8 34. Qc7 Kh7 35. Rb8 Rd1+ 36. Kf2 1-0

[Event "YUG-chT"]
[Site "Cetinje"]
[Date "1992.??.??"]
[Round "?"]
[White "Kupreichik, Viktor D"]
[Black "Tseshkovsky, Vitaly"]
[Result "1-0"]
[WhiteElo "2555"]
[BlackElo "2510"]
[PlyCount "91"]
[EventDate "1992.??.??"]
[EventType "team"]
[EventRounds "11"]
[EventCountry "YUG"]
[SourceTitle "EXT 1997"]
[Source "ChessBase"]
[SourceDate "1996.11.15"]
[SourceVersion "1"]
[SourceVersionDate "1996.11.15"]
[SourceQuality "1"]

1. e4 e5 2. Nf3 Nc6 3. Bb5 Nf6 4. O-O Nxe4 5. d4 Nd6 6. Bg5 Be7 7. Bxe7 Qxe7 8.
Bxc6 dxc6 9. dxe5 Nf5 10. Nc3 Bd7 11. Qe2 O-O-O 12. Rad1 Be6 13. Qe4 h6 14. Nd4
Nxd4 15. Rxd4 Rxd4 16. Qxd4 c5 17. Qe3 Rd8 18. a3 Bf5 19. Rc1 Rd5 20. h3 Kb8
21. g4 Bc8 22. Rd1 Rxd1+ 23. Nxd1 b6 24. f4 h5 25. Nf2 hxg4 26. hxg4 a5 27. Kg2
Qh4 28. f5 g6 29. e6 Qe7 30. Qh6 Bb7+ 31. Kf1 Ba6+ 32. Kg1 Qd6 33. Qh8+ Ka7 34.
Qh2 Qe7 35. Qf4 gxf5 36. gxf5 fxe6 37. f6 Qf7 38. Ng4 e5 39. Nxe5 Qd5 40. f7
Bb7 41. Kf2 Qg2+ 42. Ke3 Qg1+ 43. Kd2 Qg2+ 44. Kc3 Qh3+ 45. Nd3 Qh8+ 46. Kb3
1-0

[Event "YUG-chT"]
[Site "Cetinje"]
[Date "1992.??.??"]
[Round "?"]
[White "Marjanovic, Slavoljub"]
[Black "Kupreichik, Viktor D"]
[Result "0-1"]
[WhiteElo "2460"]
[BlackElo "2555"]
[PlyCount "102"]
[EventDate "1992.??.??"]
[EventType "team"]
[EventRounds "11"]
[EventCountry "YUG"]
[SourceTitle "EXT 1997"]
[Source "ChessBase"]
[SourceDate "1996.11.15"]
[SourceVersion "1"]
[SourceVersionDate "1996.11.15"]
[SourceQuality "1"]

1. e4 c5 2. Nf3 d6 3. c3 Nf6 4. h3 Nc6 5. Bd3 g6 6. Bc2 Bg7 7. O-O O-O 8. d4 b6
9. a3 e5 10. Bg5 h6 11. Bxf6 Qxf6 12. d5 Ne7 13. c4 g5 14. Nh2 Ng6 15. Ng4 Qe7
16. Nc3 Nf4 17. Ne3 f5 18. Nxf5 Bxf5 19. exf5 e4 20. g3 e3 21. fxe3 Qxe3+ 22.
Kh2 Bxc3 23. bxc3 Ne2 24. Qd3 Rae8 25. Rae1 Kf7 26. Kg2 Re5 27. Qxe3 Rxe3 28.
Ba4 Re7 29. Bd1 Nxc3 30. Re6 Rxe6 31. dxe6+ Ke7 32. g4 d5 33. cxd5 Nxd5 34. Kg3
Rd8 35. Bb3 Nf6 36. Rd1 Rxd1 37. Bxd1 b5 38. Kf2 Kd6 39. Be2 c4 40. Ke3 Kc5 41.
Kd2 a5 42. Bf3 b4 43. axb4+ axb4 44. Kc2 Kd4 45. Bc6 Kc5 46. Bd7 Nd5 47. Ba4
b3+ 48. Kb2 Kb4 49. Bc6 c3+ 50. Kb1 c2+ 51. Kb2 Ne3 0-1

[Event "YUG-chT"]
[Site "Cetinje"]
[Date "1992.??.??"]
[Round "?"]
[White "Paunovic, Tomislav"]
[Black "Kupreichik, Viktor D"]
[Result "0-1"]
[WhiteElo "2425"]
[BlackElo "2555"]
[PlyCount "48"]
[EventDate "1992.??.??"]
[EventType "team"]
[EventRounds "11"]
[EventCountry "YUG"]
[SourceTitle "EXT 1997"]
[Source "ChessBase"]
[SourceDate "1996.11.15"]
[SourceVersion "1"]
[SourceVersionDate "1996.11.15"]
[SourceQuality "1"]

1. d4 Nf6 2. c4 g6 3. Nc3 Bg7 4. e4 d6 5. h3 O-O 6. Bg5 Na6 7. Bd3 e5 8. d5 Qe8
9. g4 Nd7 10. Nf3 f5 11. gxf5 gxf5 12. Rg1 Kh8 13. Nh4 Ndc5 14. Bc2 fxe4 15.
Nxe4 Nxe4 16. Bxe4 Nc5 17. Qc2 Nxe4 18. Qxe4 Qh5 19. Rc1 Bd7 20. Rc3 Rae8 21.
Rcg3 b5 22. Qg2 e4 23. Be7 e3 24. f3 Rxe7 0-1